| 000 | 00567nam a2200205Ia 4500 | ||
|---|---|---|---|
| 001 | 14632 | ||
| 003 | GE_BSU | ||
| 008 | 181216s||||||||xx |||||||||||||| ||und|| | ||
| 040 | _cGE_BSU | ||
| 080 | _a821.133.1-32 | ||
| 100 | _aლორთქიფანიძე,ნიკო | ||
| 245 | _aმოთხრობები | ||
| 245 | _cრედ.ბ.ჟღენტი | ||
| 260 | _aთბილისი | ||
| 260 | _bსაბლიტგამი | ||
| 260 | _c1948 | ||
| 300 | _a190გვ.20სმ. | ||
| 653 | _aმოთხრობები | ||
| 942 | _cBK | ||
| 999 |
_c47760 _d47760 |
||